000 00312nam a2200133Ia 4500
008 220204s9999 xx 000 0 und d
082 _a001
_bKHA
100 _aO P
245 0 _aGeneral knowledge refresher
250 _aEd.6
260 _aChandigarh
_bKhanna
_c1975
650 _aGeneral knowledge
942 _cBK
999 _c22932
_d22932